| 000 | 00710cam a2200217 4500 | ||
|---|---|---|---|
| 008 | 090401t1984 xxu||||| |||| 00| 0 eng d | ||
| 020 | _a090700430X | ||
| 035 | _a(Sirsi) u44087 | ||
| 041 | 0 | _aeng | |
| 050 | 0 | 4 | _a333.337016 $2 18 |
| 110 | 2 |
_aInvestors Chronicle _92657 |
|
| 245 | 0 | 0 |
_aInvestors Chronicle Hillier Parker rent index _bsecondary shop rent index _bAugust 1984 |
| 260 |
_aLondon _bHillier Parker May and Rowden _c1984 |
||
| 300 |
_a(8)p. _c30cm. |
||
| 490 | 0 |
_aHillier Parker May and Rowden Research Report _v(6) |
|
| 651 | 4 |
_aUnited Kingdom _y |
|
| 690 | _aPROPERTY-COMMERCIAL PROPERTY-RETAIL PROPERTY | ||
| 710 | 2 |
_aHillier Parker May and Rowden _92042 |
|
| 942 | _n0 | ||
| 948 | _c04/03/1997 | ||
| 999 |
_c91434 _d91434 |
||